Sports Quiz

Random Sports Quiz
Score 0/220 Timer 20:00
0 Plays Today
Hint Answer % Correct
2002/03Ronaldo
97.9%
2007/08Cristiano Ronaldo
97.9%
2009/10Cristiano Ronaldo
97.9%
2010/11Cristiano Ronaldo
97.9%
2011/12Cristiano Ronaldo
97.9%
2012/13Cristiano Ronaldo
97.9%
2013/14Cristiano Ronaldo
97.9%
2007/08Lionel Messi
97.4%
2008/09Lionel Messi
97.4%
2009/10Lionel Messi
97.4%
2010/11Lionel Messi
97.4%
2011/12Lionel Messi
97.4%
2012/13Lionel Messi
97.4%
2013/14Lionel Messi
97.4%
2007/08Zlatan Ibrahimovic
94.3%
2011/12Zlatan Ibrahimovic
94.3%
2013/14Zlatan Ibrahimovic
94.3%
1997/98Thierry Henry
93.2%
2001/02Thierry Henry
93.2%
2002/03Thierry Henry
93.2%
2003/04Thierry Henry
93.2%
2005/06Thierry Henry
93.2%
2008/09Thierry Henry
93.2%
2003/04Didier Drogba
92.7%
2006/07Didier Drogba
92.7%
2007/08Didier Drogba
92.7%
2008/09Didier Drogba
92.7%
2011/12Didier Drogba
92.7%
2013/14Sergio Aguero
92.7%
2012/13Robert Lewandowski
91.7%
2013/14Robert Lewandowski
91.7%
2008/09Karim Benzema
91.1%
2010/11Karim Benzema
91.1%
2011/12Karim Benzema
91.1%
2012/13Karim Benzema
91.1%
1995/96Raul
90.6%
1999/00Raul
90.6%
2000/01Raul
90.6%
2001/02Raul
90.6%
2002/03Raul
90.6%
2006/07Raul
90.6%
2007/08Raul
90.6%
2010/11Raul
90.6%
1998/99Ruud van Nistelrooy
89.1%
2001/02Ruud van Nistelrooy
89.1%
2002/03Ruud van Nistelrooy
89.1%
2004/05Ruud van Nistelrooy
89.1%
2006/07Ruud van Nistelrooy
89.1%
2013/14Diego Costa
89.1%
1997/98Andriy Shevchenko
88%
1998/99Andriy Shevchenko
88%
2004/05Andriy Shevchenko
88%
2005/06Andriy Shevchenko
88%
1995/96Alessandro Del Piero
87.5%
1996/97Alessandro Del Piero
87.5%
1997/98Alessandro Del Piero
87.5%
2008/09Alessandro Del Piero
87.5%
2007/08Steven Gerrard
87%
2008/09Steven Gerrard
87%
2012/13Thomas Muller
87%
2013/14Gareth Bale
87%
1997/98Andy Cole
85.4%
2007/08Fernando Torres
85.4%
1997/98Filippo Inzaghi
84.4%
1998/99Filippo Inzaghi
84.4%
1999/00Simone Inzaghi
84.4%
2002/03Filippo Inzaghi
84.4%
2005/06Kaka
84.4%
2006/07Kaka
84.4%
2009/10Wayne Rooney
84.4%
1995/96Patrick Kluivert
83.9%
1999/00Patrick Kluivert
83.9%
2001/02Patrick Kluivert
83.9%
2005/06Samuel Eto'o
83.3%
Hint Answer % Correct
2010/11Samuel Eto'o
83.3%
2010/11Mario Gomez
82.8%
2011/12Mario Gomez
82.8%
2009/10Arjen Robben
81.3%
2011/12Edinson Cavani
81.3%
2005/06Ronaldinho
80.7%
2003/04Fernando Morientes
80.2%
2006/07Fernando Morientes
80.2%
1998/99Ryan Giggs
79.7%
1998/99Dwight Yorke
79.2%
2000/01Paul Scholes
79.2%
2008/09Robin van Persie
78.6%
1999/00Rivaldo
78.1%
2000/01Rivaldo
78.1%
2009/10Diego Milito
77.6%
2013/14Marco Reus
76%
2008/09Miroslav Klose
75.5%
1992/93Romario
74.5%
1994/95Romario
74.5%
2002/03Alan Shearer
74.5%
2006/07Francesco Totti
73.4%
2001/02David Trezeguet
72.9%
2005/06David Trezeguet
72.9%
2006/07David Villa
71.4%
2001/02Ole Gunnar Solskjaer
70.3%
2002/03Roy Makaay
70.3%
2003/04Roy Makaay
70.3%
2004/05Roy Makaay
70.3%
2007/08Dirk Kuyt
70.3%
2010/11Pedro Rodriguez
68.8%
2000/01Giovane Elber
68.2%
2001/02Giovane Elber
68.2%
2002/03Hernan Crespo
68.2%
2004/05Hernan Crespo
68.2%
2001/02Michael Ballack
65.1%
2010/11Nicolas Anelka
65.1%
1996/97Christian Vieri
63.5%
1994/95Jari Litmanen
63%
1995/96Jari Litmanen
63%
2003/04Juninho Pernambucano
62.5%
2004/05Adriano
62.5%
2005/06Adriano
62.5%
1992/93Marco van Basten
62%
1996/97Jardel
60.4%
1999/00Jardel
60.4%
2000/01Jardel
60.4%
2009/10Michael Owen
60.4%
2003/04Hakan Sukur
59.9%
1993/94Hristo Stoichkov
59.4%
1993/94Jean-Pierre Papin
58.9%
1997/98Sergiy Rebrov
58.9%
1999/00Sergiy Rebrov
58.9%
2013/14Alvaro Negredo
58.3%
1994/95George Weah
57.8%
2012/13Ezequiel Lavezzi
57.3%
1997/98Davor Suker
55.7%
2004/05Luis Garcia
53.6%
2010/11Roberto Soldado
53.6%
2006/07Peter Crouch
52.6%
2001/02Diego Tristan
51%
2007/08Frederic Kanoute
51%
2009/10Ivica Olic
51%
1993/94Ronald Koeman
50%
2008/09Emmanuel Adebayor
50%
2003/04Dado Prso
48.4%
2002/03Javier Saviola
47.9%
2008/09Lisandro Lopez
47.9%
1995/96Fabrizio Ravanelli
47.4%
1997/98Carsten Jancker
47.4%
2002/03Jan Koller
47.4%
1999/00Roy Keane
46.9%
2000/01Claudio Lopez
46.4%
2006/07Louis Saha
44.3%
1999/00Luis Enrique
43.8%
Hint Answer % Correct
2006/07Claudio Pizarro
43.8%
2004/05Sylvain Wiltord
42.7%
2011/12Alexander Frei
41.7%
1992/93Alen Boksic
40.6%
1994/95Mehmet Scholl
40.6%
1996/97Alen Boksic
40.6%
1996/97Karl- Heinz Riedle
40.1%
1999/00Tore Andre Flo
40.1%
2012/13Burak Yilmaz
40.1%
1993/94Jurgen Klinsmann
39.6%
2013/14Arturo Vidal
39.6%
1992/93Marco Simone
38.5%
1994/95Marco Simone
38.5%
2000/01Marco Simone
38.5%
1998/99Nuno Gomes
36.5%
2003/04Walter Pandiani
35.4%
1996/97Lars Ricken
34.9%
2012/13Oscar
34.4%
2007/08Ryan Babel
33.3%
2009/10Marouane Chamakh
32.3%
2000/01Lee Bowyer
31.8%
2005/06John Carew
31.3%
1992/93José Carlos
30.7%
1998/99Mario Basler
30.7%
1995/96Ivan Zamorano
29.7%
2003/04Benny McCarthy
29.7%
2009/10Nicklas Bendtner
29.7%
2011/12Seydou Doumbia
29.2%
1992/93Franck Sauzée
23.4%
2009/10Stevan Jovetic
22.9%
2010/11Jefferson Farfan
22.9%
2005/06Johan Micoud
21.9%
1993/94Luc Nilis
21.4%
2005/06Vincenzo Iaquinta
20.3%
1999/00Paulo Sergio
19.8%
2000/01Ivan Helguera
18.2%
2004/05Obafemi Martins
18.2%
2012/13Jonas
17.7%
1996/97Nicola Amoruso
17.2%
1994/95Jose Maria Bakero
16.7%
1993/94Wynton Rufer
16.1%
1996/97Milinko Pantic
16.1%
1997/98Victor Ikpeba
15.6%
2004/05Ivan Klasnic
15.1%
1995/96Krzysztof Warzycha
14.1%
1996/97Diego Simeone
14.1%
2011/12Jose Callejon
14.1%
2012/13Alan
14.1%
1995/96Mike Newell
12.5%
1995/96Nicolas Ouedec
12%
1997/98Harald Brattbakk
9.4%
2003/04Wesley Sonck
8.9%
1998/99Zlatko Zahovic
8.3%
2000/01Tomas Radzinski
8.3%
2004/05Tuncay Sanli
8.3%
1993/94Marco Bode
7.8%
2001/02Michalis Konstantinou
7.8%
1992/93Emil Kostadinov
6.8%
1994/95Claudio Caniggia
5.2%
1992/93Gert Verheyen
4.2%
1992/93Johnny Ekstrom
4.2%
1994/95Magnus Erlingmark
4.2%
1994/95Christian Nerlinger
4.2%
1993/94Valeriy Karpin
3.6%
1993/94Bernd Hobsch
3.1%
1998/99Jurgen Rische
3.1%
1992/93Tulio
2.6%
1995/96Yuri Nikiforov
2.6%
1993/94Kubilay Turkyilmaz
2.1%
1994/95Viktor Leonenko
2.1%
1998/99Sinisa Gogic
1.6%
1996/97Artur
1%
Remove Ads.
Support Sporcle.
Get the best of Sporcle when you Go Orange. This ad-free experience offers more features, more stats, and more fun while also helping to support Sporcle. Thank you for becoming a member.

You're not logged in!

Compare scores with friends on all Sporcle quizzes.
OR
Log In

Show Comments

Extras

Top Quizzes Today


Score Distribution

Your Account Isn't Verified!

In order to create a playlist on Sporcle, you need to verify the email address you used during registration. Go to your Sporcle Settings to finish the process.

Report this User

Report this user for behavior that violates our Community Guidelines.

Details: